Código de derecho internacional privado

Guardat en:
Dades bibliogràfiques
Format: Llibre
Idioma:espanyol
Publicat: Valparaíso Universo 1945
Col·lecció:Codigos de la República de Chile
Matèries:
Etiquetes: Afegir etiqueta
Sense etiquetes, Sigues el primer a etiquetar aquest registre!

MARC

LEADER 00000nam a2200000 a 4500
001 UCS7897
003 CL-VaPUC
008 971024e19450000CL |||||||||||||||||spa|d
082 0 4 |a 340.9  |b COD  |2 21 
245 1 0 |a Código de derecho internacional privado 
300 |a 72 p 
942 |c BK 
945 |d 19971024 00:00:00  |a lriquelm 
260 |a Valparaíso  |b Universo  |c 1945 
650 0 |a Derecho internacional privado  |9 256361 
650 0 |a Nacionalidad  |9 357571 
650 7 |a DOMICILIO  |2 CL-VaPUC  |9 371886 
650 7 |a NACIMIENTO  |2 CL-VaPUC  |9 310887 
650 7 |a MATRIMONIO  |2 CL-VaPUC  |9 392835 
650 0 |a Divorcio  |9 256204 
650 0 |a Adopción  |9 255783 
650 0 |a Peternidad  |9 254922 
650 0 |a Bienes  |9 255749 
650 0 |a Propiedad   |9 255268 
650 0 |a Contratos  |9 255153 
650 0 |a Arrendamientos   |9 336580 
650 0 |a Derecho mercantil  |9 371888 
650 0 |a Comercio  |9 255341 
650 0 |a Comerciantes  |9 267878 
650 0 |a Derecho penal internacional  |9 371889 
650 0 |a Derecho procesal penal  |9 255496 
583 |a last modification  |c 19971024 00:00:00  |k Rodrigo Vera 
490 0 |a Codigos de la República de Chile 
999 |c 262641  |d 262639 
952 |0 0  |1 0  |4 0  |6 340_900000000000000_COD_1945  |7 0  |8 X  |9 291357  |a BIBDER  |b BIBDER  |d 2019-11-19  |i 1892916  |o 340.9 COD 1945  |p 1892916  |r 2023-01-25  |w 2019-11-19  |y BK_X  |k DER